[Event "25th Bosnjaci Open 2020"]
[Site "Bosnjaci"]
[Date "2020.01.10"]
[Round "9.4"]
[White "Rogulj, Branko"]
[Black "Bobanac, Miro"]
[Result "1/2-1/2"]
[WhiteElo "2386"]
[BlackElo "2218"]
[Annotator "TA"]
[PlyCount "138"]
[EventDate "2020.01.03"]
[EventType "swiss"]
[EventCountry "CRO"]
[SourceTitle "playchess.com"]
[Source "ChessBase"]
[SourceQuality "1"]

{[%evp 9,138,52,75,50,72,57,63,42,54,47,51,30,60,19,87,89,129,112,110,125,239,235,232,250,295,292,287,136,136,136,139,134,141,135,127,102,144,124,129,102,109,96,123,96,96,85,89,89,123,123,118,96,118,96,118,86,114,111,112,104,104,105,118,50,95,99,99,0,50,50,102,102,109,109,109,109,102,102,102,102,102,102,102,102,109,102,268,244,296,259,393,386,392,391,1124,1128,1112,1004,1073,1036,447,982,1604,1797,1797,1666,1000,272,265,265,265,86,224,8,8,8,8,8,8,8,8,8,8,8,8,8,81,8,81,82,82]} 1. e4 Nf6 2. e5 Nd5 3. d4 c6 (3... d6 4. Nf3 Bg4 5. Be2 e6 6. O-O Be7 7. h3 Bh5 8. c4 Nb6 9. Nc3 O-O 10. Be3 d5 11. g4 Bg6 12. c5 Nc4 13. Bxc4 dxc4 14. Qa4 b6 15. cxb6 cxb6 16. Qxc4 Qd7 17. d5 Rc8 18. Qe2 exd5 {1-0 (31) Anand,V (2773)-Maghsoodloo,P (2688) St Petersburg 2018}) 4. c4 Nc7 5. Nc3 d5 6. Qb3 {B03: Alekhine's Defence: Four Pawns Attack} b6 $146 ({Predecessor:} 6... g6 7. h4 h6 8. h5 g5 9. f4 gxf4 10. Bxf4 Ne6 11. Be3 dxc4 12. Qxc4 {1-0 (44) Rogulj,B (2400)-Bobanac,M (2283) Sibenik 2015}) 7. Nf3 e6 8. h4 {White is slightly better.} Bb7 9. Bg5 Qc8 10. h5 h6 11. Bh4 $36 {[%mdl 2048] White is pushing.} Nba6 (11... c5 $11) 12. a3 $16 dxc4 13. Bxc4 Nd5 14. Ne4 Nac7 (14... Qd7 $16 15. Bg3 O-O-O) 15. Nd6+ $1 $18 Bxd6 16. exd6 Nb5 17. Bg3 Qd8 18. Bxb5 (18. Bxd5 $1 $18 exd5 19. Qe3+ Kf8 20. Qf4) 18... cxb5 $16 19. Qxb5+ Qd7 20. Qxd7+ Kxd7 21. Ne5+ Ke8 22. Rc1 f6 23. Ng6 Rg8 24. Nf4 Nxf4 25. Bxf4 {aiming for Rc7.} Rd8 26. f3 Rd7 27. Kf2 Kf7 28. Rc7 Rgd8 29. Rhc1 Ke8 30. a4 a5 31. Ke3 Bd5 32. R1c3 Kf7 33. Kd3 Ke8 34. b3 Rxc7 35. Rxc7 {[%mdl 4096] Endgame KRB-KRB} Rd7 36. Rc3 (36. Kc3 $16) 36... Rb7 37. Rc8+ Kd7 38. Rc3 (38. Rf8 $1 $16) 38... Kd8 39. Kc2 Rb8 (39... Kd7 $14) 40. Rc7 Rb7 41. Kc3 Rxc7+ 42. dxc7+ {KB-KB} Kc8 43. Bd6 $1 Bc6 44. Bf8 Be8 45. Bxg7 Bxh5 46. Bxf6 Kxc7 47. Bg7 Kc6 $2 (47... Be8 $16 {keeps fighting.}) 48. Bxh6 $18 Bg6 49. Bg5 Kd7 (49... Kc7 $142 50. g4 Be8 51. Bf4+ Kc6) 50. g4 Bh7 51. Bf6 Bg6 $2 (51... Kc6 52. Bd8 Bg6 53. d5+ exd5) 52. d5 exd5 53. Bd4 Kc6 54. f4 Be4 55. f5 b5 56. Kd2 bxa4 57. bxa4 Bf3 58. f6 $2 (58. g5 Be4 59. f6) 58... Kd6 59. g5 Bh5 60. Bc3 $2 (60. Bb6 $18) 60... Ke6 {[#]} (60... Be8 $16) 61. Bxa5 $2 ({White has to play} 61. Kc2 $1 $18) 61... Be8 $1 $11 62. Bc3 {And now a5 would win.} Bxa4 63. g6 {Intending f7 and mate.} Be8 64. g7 Kf7 65. Ke3 Kg8 66. Kf4 Bf7 67. Bd4 Bh5 68. Ke5 (68. Kg5 $16 Bg6 69. Kh6) 68... Bf7 {[#]} (68... Bg6 $1 $11 {keeps the balance.}) 69. Kd6 $1 $16 Bh5 {Accuracy: White = 46%, Black = 47%.} 1/2-1/2

[Event "25th Bosnjaci Open 2020"]
[Site "Bosnjaci"]
[Date "2020.01.10"]
[Round "9.5"]
[White "Zadravec, Matija"]
[Black "Kovacevic, Blazimir"]
[Result "1/2-1/2"]
[WhiteElo "2179"]
[BlackElo "2451"]
[Annotator "TA"]
[PlyCount "44"]
[EventDate "2020.01.03"]
[EventType "swiss"]
[EventCountry "CRO"]
[SourceTitle "playchess.com"]
[Source "ChessBase"]
[SourceQuality "1"]

{[%evp 16,44,16,17,13,15,20,18,44,39,35,37,35,22,58,26,27,17,29,29,43,19,30,22,21,28,22,0,19,0,34]} 1. e4 g6 2. d4 Bg7 3. Nc3 c6 4. Nf3 d5 5. h3 dxe4 6. Nxe4 Nf6 7. Nxf6+ exf6 8. Bc4 O-O 9. O-O a5 {B15: Caro-Kann: 3 Nc3: 3...g6 and 3...dxe4 4 Nxe4 Nf6 5 Nxf6+ exf6} 10. Re1 (10. a4 Nd7 11. Bf4 Nb6 12. Bb3 Nd5 13. Bh2 Be6 14. Re1 h5 15. Nd2 f5 16. c3 Bh6 17. Nc4 {1-0 (45) Nepomniachtchi,I (2773)-Wei,Y (2736) Moscow 2019}) 10... Nd7 11. Bd3 $146 ({Predecessor:} 11. a4 Nb6 12. Bb3 Nd5 13. c3 Be6 14. Nd2 Re8 15. Ne4 b6 16. Bd2 h6 17. Qf3 f5 {½-½ (55) Ibarra Jerez,J (2538)-Matnadze,A (2390) Linares 2013}) 11... Nb6 12. c4 Be6 13. Qc2 Re8 14. b3 Qc7 15. Bb2 a4 16. Bc3 Red8 17. Qb2 Nc8 18. Rad1 Nd6 19. Bb1 Ne8 20. Be4 Nd6 21. Bb1 Ne8 22. Be4 Nd6 {Accuracy: White = 52%, Black = 56%.} 1/2-1/2

[Event "25th Bosnjaci Open 2020"]
[Site "Bosnjaci"]
[Date "2020.01.09"]
[Round "9.6"]
[White "Muratovic, Efim"]
[Black "Sipic, Hrvoje"]
[Result "1-0"]
[WhiteElo "2394"]
[BlackElo "2210"]
[Annotator "TA"]
[PlyCount "87"]
[EventDate "2020.01.03"]
[EventType "swiss"]
[EventCountry "CRO"]
[SourceTitle "playchess.com"]
[Source "ChessBase"]
[SourceQuality "1"]

{[%evp 9,87,36,40,35,60,52,62,12,28,22,33,40,31,19,60,56,77,28,64,64,63,18,59,54,80,77,68,66,91,59,102,98,100,107,91,69,87,20,59,58,68,43,67,58,63,57,57,53,61,-72,60,54,70,48,86,88,91,79,124,158,146,130,495,487,936,932,2078,1675,5393,5377,29985,29986,29994,29995,29995,29996,29996,29997,29997,29998]} 1. d4 Nf6 2. c4 c5 3. d5 b5 4. Qc2 g6 5. e4 bxc4 6. Bxc4 {A57: Benko/Volga Gambit} d6 7. Nc3 Bg7 8. Nge2 {White is slightly better.} (8. Nf3 Nbd7 9. h3 O-O 10. O-O Rb8 11. Re1 Nh5 12. Be2 Ne5 13. Nxe5 Bxe5 14. Bxh5 gxh5 15. Bh6 Re8 16. Qd2 Kh8 17. Bf4 Bd4 18. Be3 {0-1 (63) Dreev,A (2644)-Perunovic,M (2622) Berlin 2015}) 8... Nbd7 9. O-O O-O 10. Ng3 Nb6 11. Be2 Ng4 $146 ({Predecessor:} 11... Rb8 12. Rb1 e6 13. dxe6 fxe6 {1-0 (57) Vedder,M (1619)-Pichl,U (1776) Vellmar 2013}) 12. h3 Ne5 13. a4 {Threatens to win with f4.} a5 14. f4 Ned7 $1 15. Nb5 Nb8 16. Bd2 Bd7 17. Bc3 Bxc3 18. Qxc3 Na6 19. b3 Nb4 20. f5 f6 21. fxg6 hxg6 22. Rad1 Rf7 23. Rf4 (23. h4 $16) 23... Be8 24. Bg4 {Strongly threatening Be6.} Rg7 $1 25. h4 Nd7 26. h5 g5 $1 {[%cal Rg5f4]} 27. Rf2 Ne5 28. Be6+ Kh8 29. Bf5 {[#]} (29. Na3 $1 $14 {keeps the upper hand.}) 29... Bd7 (29... Bxb5 $1 $17 30. axb5 Qb8) 30. Na3 $36 {[%mdl 2048] White has the initiative.} Bxf5 31. Rxf5 Rb8 32. Nc4 Nxc4 33. bxc4 Na6 34. e5 dxe5 35. d6 {Black must now prevent Rff1.} e6 $2 {[%mdl 8192]} ({Avoid the trap} 35... exd6 $2 36. Ne4 $18) (35... Nb4 $16) 36. Rf2 $18 Kg8 (36... Nb4 $142 37. Ne4 f5 38. Nxc5 Qf6) 37. Ne4 f5 38. Qxe5 {[%mdl 64] [#] Double Attack} fxe4 39. Qxe6+ Kh7 40. Rf6 {[%csl Ge6][%cal Rf6h6] White mates.} Kh8 41. Rh6+ Rh7 42. Qe5+ Kg8 43. Rg6+ {[%mdl 64] Double Attack} Kf8 44. Rf1+ {Accuracy: White = 68%, Black = 24%.} 1-0

[Event "25th Bosnjaci Open 2020"]
[Site "Bosnjaci"]
[Date "2020.01.09"]
[Round "9.7"]
[White "Zufic, Miroslav"]
[Black "Babic, Zvonko"]
[Result "1-0"]
[WhiteElo "2375"]
[BlackElo "2165"]
[Annotator "TA"]
[PlyCount "31"]
[EventDate "2020.01.03"]
[EventType "swiss"]
[EventCountry "CRO"]
[SourceTitle "playchess.com"]
[Source "ChessBase"]
[SourceQuality "1"]

{[%evp 15,31,27,29,29,45,39,47,50,43,41,47,25,14,13,29,29,286,302]} 1. e4 d6 2. d4 Nf6 3. Nc3 e5 4. Nf3 Nbd7 5. Bc4 Be7 6. O-O O-O 7. Re1 c6 8. a4 Re8 9. a5 {[#] Threatens to win with Bxf7+! C41: Philidor Defence} h6 10. h3 Bf8 (10... exd4 11. Nxd4 Bf8 12. Nb3 Rb8 13. Bf1 Qc7 14. Bf4 b5 15. axb6 axb6 16. Nd4 Nc5 17. Nxc6 Qxc6 {1-0 (47) Fedoseev,V (2719)-Yudin,S (2507) St Petersburg 2018}) 11. Be3 {White is slightly better.} exd4 12. Bxd4 ({Much weaker is} 12. Nxd4 Nxe4 13. Nxe4 Rxe4 $15) 12... Qc7 13. Qd2 Ne5 14. Be2 Be6 $146 ({Predecessor:} 14... c5 15. Bxe5 dxe5 16. Bc4 Be6 17. Nb5 Qb8 18. Qc3 Bxc4 19. Qxc4 {1-0 (46) Sebenik,M (2549)-Kodric,T (2174) Maribor 2017}) 15. Nh2 Bc4 $2 {[%mdl 8192] [#]} (15... c5 $11 {and Black has nothing to worry.} 16. Be3 Rad8) 16. Bxe5 $1 1-0

[Event "25th Bosnjaci Open 2020"]
[Site "Bosnjaci"]
[Date "2020.01.10"]
[Round "9.9"]
[White "Zlatarevic, Ivan"]
[Black "Jakovljevic, Vlado"]
[Result "1/2-1/2"]
[WhiteElo "2043"]
[BlackElo "2351"]
[Annotator "TA"]
[PlyCount "49"]
[EventDate "2020.01.03"]
[EventType "swiss"]
[EventCountry "CRO"]
[SourceTitle "playchess.com"]
[Source "ChessBase"]
[SourceQuality "1"]

{[%evp 9,49,4,28,0,0,-2,0,-11,0,0,0,-29,-18,-29,-18,-37,-43,-29,-16,-27,-25,-29,-15,-17,0,-36,37,37,37,30,130,130,125,134,225,224,226,103,194,189,177,158]} 1. Nf3 Nf6 2. g3 b6 3. Bg2 Bb7 4. O-O c5 5. d3 d5 6. Nc3 {A04: Unusual lines after 1 Nf3 and King's Indian Attack} (6. Nbd2 e6 7. e4 Be7 8. Qe2 O-O 9. e5 Nfd7 10. Re1 Nc6 11. h4 Qc7 12. Nf1 Rfc8 13. Bf4 d4 14. h5 h6 15. N1d2 Nb4 16. Nc4 Nd5 17. Bd2 Rab8 18. a4 a6 19. c3 dxc3 20. bxc3 {½-½ (65) Friedel,J (2562)-Dragun,K (2591) Saint Louis 2018}) 6... e6 7. e4 Be7 8. Re1 {The position is equal.} O-O 9. a4 $146 ({Predecessor:} 9. exd5 Nxd5 10. Ne5 Bf6 11. Bd2 Nc6 12. Nxc6 Bxc6 13. Nxd5 Bxd5 14. Bc3 Bd4 {½-½ (26) Saraci,N (2313)-Nedev,T (2481) Ohrid 2016}) 9... dxe4 10. Ng5 Nc6 {[%cal Bb8c6,Bc6d4,Bd4b3][%mdl 32]} 11. Ngxe4 Qd7 12. Bg5 {next Nxf6+ is good for White.} Nxe4 13. Nxe4 Rfd8 14. Qh5 Nd4 {aiming for ...f6.} 15. Rac1 Bd5 16. c3 {Black must now prevent Bxe7.} Nb3 (16... Nf5 {is more complex.} 17. Bxe7 Qxe7 18. Ra1 a5 19. Ng5 Nh6) 17. Rcd1 (17. Bxe7 {with more complications.} Qxe7 18. Rcd1 Rac8 19. f4 Qc7 20. f5) 17... Qe8 (17... f6 $15 18. Bf4 Rac8) 18. Bxe7 $14 Qxe7 19. f4 Qc7 (19... Rab8 $11) 20. f5 $1 $16 {[%cal Rf5f6]} ({Not} 20. c4 Bxe4 21. Rxe4 Rac8 $15) 20... exf5 21. Qxf5 Be6 (21... Qd7 $16 22. Qg5 Bxe4 23. Bxe4 Rab8) 22. Qh5 {Threatens to win with Ng5!} h6 {[#]} 23. Rf1 (23. Nf6+ $1 $18 {[%mdl 512] is the precise move to win.} gxf6 24. Qxh6) 23... f5 {[#]} (23... Rac8 $16) 24. Qg6 $1 $18 {[%cal Rg6e6]} ({Resist} 24. Bh3 $6 Qf7 $16) 24... Qf7 25. Qxf7+ {Accuracy: White = 57%, Black = 27%.} 1/2-1/2

[Event "25th Bosnjaci Open 2020"]
[Site "Bosnjaci"]
[Date "2020.01.09"]
[Round "9.10"]
[White "Zovko, Mario"]
[Black "Mesic, Ismet"]
[Result "1-0"]
[WhiteElo "2330"]
[BlackElo "1874"]
[Annotator "RC"]
[PlyCount "99"]
[EventDate "2020.01.03"]
[EventType "swiss"]
[EventCountry "CRO"]
[SourceTitle "playchess.com"]
[Source "ChessBase"]
[SourceQuality "1"]
[TimeControl "5400+30"]

1. e4 {[%emt 0:01:30]} e6 {[%emt 0:04:30]} 2. d4 {[%emt 0:00:00]} d5 {[%emt 0:00:30]} 3. Nc3 {[%emt 0:00:00]} Nf6 {[%emt 0:00:00]} 4. Bg5 {[%emt 0:00:30]} Be7 {[%emt 0:01:00]} 5. e5 {[%emt 0:02:30]} Nfd7 {[%emt 0:00:30]} 6. Bxe7 {[%emt 0:00:30]} Qxe7 {[%emt 0:00:30]} 7. f4 {[%emt 0:00:00]} a6 {[%emt 0:00:30]} 8. Qg4 {[%emt 0:00:00]} f5 {[%emt 0:06:30]} 9. exf6 {[%emt 0:07:30]} Nxf6 {[%emt 0:00:30]} 10. Qh4 {[%emt 0:00:30]} c5 {[%emt 0:07:30]} 11. Nf3 {[%emt 0:01:30]} Nc6 {[%emt 0:01:30]} 12. O-O-O {[%emt 0:07:30]} cxd4 {[%emt 0:15:30]} 13. Nxd4 {[%emt 0:00:30]} Nxd4 {[%emt 0:03:30]} 14. Rxd4 {[%emt 0:00:30]} Qc5 {[%emt 0:02:30]} 15. Rd1 {[%emt 0:00:00]} Bd7 {[%emt 0:02:30]} 16. Bd3 {[%emt 0:02:00]} O-O-O {[%emt 0:01:30]} 17. Qg5 {[%emt 0:03:30]} Rhg8 {[%emt 0:13:30]} 18. Rhe1 {[%emt 0:10:30]} h6 {[%emt 0:07:30]} 19. Qe5 {[%emt 0:09:30]} Ng4 {[%emt 0:11:30]} 20. Qe2 {[%emt 0:03:30]} Nf2 {[%emt 0:03:57]} 21. Rd2 {[%emt 0:00:00]} Nxd3+ {[%emt 0:00:31]} 22. Qxd3 {[%emt 0:00:00]} Rgf8 {[%emt 0:01:07]} 23. Qg3 {[%emt 0:29:30]} Rf7 {[%emt 0:02:07]} 24. Rd3 {[%emt 0:01:22]} Qc7 {[%emt 0:01:52]} 25. Ne2 {[%emt 0:02:17]} Kb8 {[%emt 0:00:30]} 26. Qe3 {[%emt 0:04:06]} Bb5 {[%emt 0:04:22]} 27. Rd4 {[%emt 0:00:12]} Re8 {[%emt 0:03:20]} 28. Nc3 {[%emt 0:00:54]} Bc6 {[%emt 0:01:15]} 29. g3 {[%emt 0:00:27]} Qd7 {[%emt 0:00:46]} 30. a3 {[%emt 0:01:06]} Kc8 {[%emt 0:00:52]} 31. Rb4 {[%emt 0:04:23]} Kb8 {[%emt 0:00:47]} 32. Rd4 {[%emt 0:03:25]} Kc8 {[%emt 0:00:28]} 33. Qd2 {[%emt 0:00:18]} Qc7 {[%emt 0:01:27]} 34. h4 {[%emt 0:02:22]} Rf6 {[%emt 0:01:14]} 35. Re5 {[%emt 0:01:05]} Ref8 {[%emt 0:00:39]} 36. Qe3 {[%emt 0:00:40]} Bd7 {[%emt 0:00:29]} 37. Rd3 {[%emt 0:02:15]} Kb8 {[%emt 0:00:30]} 38. Ne2 {[%emt 0:00:17]} Re8 {[%emt 0:00:43]} 39. Nd4 {[%emt 0:00:33]} Qd6 {[%emt 0:00:27]} 40. Rb3 {[%emt 0:00:49]} Qc7 {[%emt 0:00:31]} 41. Qe2 {[%emt 0:00:35]} Ka8 {[%emt 0:00:19]} 42. Ree3 {[%emt 0:00:22]} Qd6 {[%emt 0:00:28]} 43. Nf3 {[%emt 0:00:39]} Bb5 {[%emt 0:00:37]} 44. Qd2 {[%emt 0:00:19]} Kb8 {[%emt 0:00:38]} 45. Qd4 {[%emt 0:00:22]} Rc8 {[%emt 0:00:26]} 46. Rec3 {[%emt 0:00:54]} Rff8 {[%emt 0:00:34]} 47. a4 {[%emt 0:00:43]} Bc4 {[%emt 0:00:31]} 48. Rb6 {[%emt 0:00:19]} Rc6 {[%emt 0:00:30]} 49. Rxc6 {[%emt 0:00:16]} Qxc6 {[%emt 0:00:26]} 50. b3 {[%emt 0:00:12]} 1-0

[Event "25th Bosnjaci Open 2020"]
[Site "Bosnjaci"]
[Date "2020.01.09"]
[Round "9.11"]
[White "Matanovic, Luka"]
[Black "Slobodjanac, Sinisa"]
[Result "1-0"]
[WhiteElo "2256"]
[BlackElo "1858"]
[Annotator "TA"]
[PlyCount "39"]
[EventDate "2020.01.03"]
[EventType "swiss"]
[EventCountry "CRO"]
[SourceTitle "playchess.com"]
[Source "ChessBase"]
[SourceQuality "1"]

{[%evp 12,61,16,14,12,13,39,20,18,11,20,0,2,-18,0,-9,0,-29,110,61,91,102,156,123,364,355,437,424,487,484,469,456,587,514,590,561,743,739,897,914,1939,1825,1753,1772,2021,2012,1613,1515,29985,29986,29986,29983]} 1. e4 b6 2. Nf3 Bb7 3. Nc3 e6 4. d3 d6 5. g3 Be7 6. Bg2 Nf6 7. O-O O-O {A05: Réti Opening: 1 Nf3 Nf6} 8. Re1 (8. h3 c5 9. Re1 a6 10. Ne2 c4 11. g4 Nbd7 {1-0 (65) Sevillano,E (2450)-Ng,G (2221) Edmonton 2017}) 8... d5 $146 ({Predecessor:} 8... c5 9. a4 Nc6 10. h3 Rc8 11. Nh2 Nd7 12. f4 Bf6 13. Nf3 Nd4 14. Nb5 Qe7 15. Nxa7 {½-½ (56) Arquint,A (1994)-Moggi,C (1977) Zuoz 2019}) 9. e5 Nfd7 {The position is equal.} 10. h4 a6 11. Bf4 b5 {[%cal Bb6b5,Bb5b4][%mdl 32]} 12. h5 b4 13. Ne2 $36 {[%mdl 2048] White fights for an advantage.} c5 14. c4 f6 (14... h6 $11 {remains equal.}) 15. Qc2 fxe5 16. Nxe5 Nxe5 (16... Qe8 $142) 17. Bxe5 $16 {Black must now prevent Nf4.} Rf5 $2 (17... Bd6 $16 {keeps fighting.} 18. d4 Bxe5 19. dxe5 Qe7) 18. Nf4 $18 Qd7 19. cxd5 exd5 20. d4 {Played: Bg2-h3} 1-0

[Event "25th Bosnjaci Open 2020"]
[Site "Bosnjaci"]
[Date "2020.01.10"]
[Round "9.13"]
[White "Dubrovic, Mihovil"]
[Black "Hodak, Stevo"]
[Result "1-0"]
[WhiteElo "1900"]
[BlackElo "2186"]
[Annotator "TA"]
[PlyCount "143"]
[EventDate "2020.01.03"]
[EventType "swiss"]
[EventCountry "CRO"]
[SourceTitle "playchess.com"]
[Source "ChessBase"]
[SourceQuality "1"]

{[%evp 13,143,0,25,21,19,-8,-9,-40,30,3,27,-6,6,17,93,87,86,76,105,98,97,70,75,82,67,0,0,-52,35,44,130,127,118,129,161,160,156,157,155,159,169,166,205,159,163,158,215,193,229,223,287,288,361,351,313,259,257,257,364,340,416,337,419,408,411,409,659,657,644,606,677,652,882,817,873,943,735,663,1308,674,570,556,557,546,506,456,534,522,462,394,394,386,377,376,445,421,412,410,584,570,601,601,1043,1084,1022,1006,1251,827,1382,1365,4918,3407,4634,4627,1385,1386,1073,966,984,949,2036,1989,29983,29984,29990,29989,29989,29990,29991,29991,29992,29992]} 1. e4 e5 2. Nf3 Nc6 3. Bc4 Bc5 4. d3 d6 5. h3 Nf6 6. Nc3 Be6 7. Bb3 Qd7 8. Bg5 {C50: Hungarian Defence and Giuoco Pianissimo} (8. Ne2 Ne7 9. Be3 Bb6 10. c3 Ng6 11. Bc2 d5 12. Bxb6 axb6 13. a4 dxe4 14. dxe4 O-O 15. Qxd7 Nxd7 {½-½ (44) Richter,S (1476)-Boissel,K (1638) Magdeburg 2019}) 8... h6 9. Bd2 O-O-O 10. Na4 {The position is equal.} Bb6 $146 (10... a6 $1 $15) ({Predecessor:} 10... g5 11. Nxc5 dxc5 12. Qe2 Nd4 13. Nxd4 cxd4 {1-0 (57) Rengifo,J-Garcia Pichon,E Medellin 2001}) 11. Nxb6+ $11 axb6 12. c4 g5 13. a4 Rdg8 (13... Nh5 $11 {keeps the balance.}) 14. a5 $16 bxa5 15. Bxa5 Nxa5 16. Rxa5 {[%cal Ra5a8]} c6 17. Qd2 {White wants to mate with Ra8+.} b6 18. Ra3 Kb7 19. Ke2 (19. O-O $14) 19... Ra8 $11 20. Ba4 (20. Rha1 $11) 20... Qc7 (20... Nh5 $1 $15) 21. Rha1 $14 g4 (21... Nh5 $14) 22. hxg4 $16 Bxg4 23. b4 Nd7 {[#]} 24. Qa2 $1 Kc8 {[#]} 25. Bxc6 $1 {[%mdl 512]} Rxa3 (25... Qxc6 26. Rxa8+) 26. Bxd7+ $1 Kxd7 27. Qxa3 Rb8 28. Qa4+ b5 29. cxb5 Ke6 (29... Ke7 $16 30. Qa7 Qxa7 31. Rxa7+ Kf6) 30. Qb3+ Kf6 {[#]} 31. Qc4 $1 {[%cal Rc4c7]} Qb7 32. Ra6 Be6 33. Rxd6 {Threatens to win with b6.} Qxb5 34. Qxb5 Rxb5 $18 {[%mdl 4096] Endgame KRB-KRN} 35. d4 Rxb4 (35... exd4 {was worth a try.} 36. Rxd4 Ke7) 36. dxe5+ Kg7 37. Ke3 Bc4 38. Nh4 Rb3+ 39. Kf4 Rb2 (39... Be6 $142 40. g4 Kh7) 40. Nf5+ Kg8 41. Nxh6+ Kh7 42. Ng4 Be6 43. Nf6+ Kg6 44. Kg3 Rb3+ 45. f3 Rb2 46. Nd5 Kg7 47. Nf4 Bc4 48. e6 fxe6 49. Nxe6+ Kf6 50. Nc5+ Ke7 51. Rg6 Bf1 52. Kh3 Kf7 53. Rg4 Rc2 54. Nb3 Kf6 55. Nd4 Rd2 (55... Rf2 {keeps fighting.} 56. f4 Kf7) 56. Nf5 Ba6 57. Kg3 Bc8 58. Kf4 Ra2 59. Rg8 Be6 60. Rg5 Ra4 61. g4 Ra3 62. e5+ Kf7 63. Rg7+ Kf8 64. Rc7 Bd5 65. Nh4 Rb3 66. g5 Be6 67. g6 Kg8 68. Kg5 {White mates.} Kh8 69. Kf6 Bg8 70. f4 Rb4 71. Kg5 Rb1 72. Kh6 {Accuracy: White = 82%, Black = 29%.} 1-0